[Event "Magnus Carlsen Chess Tour Finals benefit"]
[Site "Online"]
[Date "2020.08.18"]
[Round "62.1"]
[White "Carlsen, Magnus"]
[Black "Nakamura, Hikaru"]
[Result "0-1"]
[WhiteElo "2881"]
[BlackElo "2829"]
[EventDate "2020.??.??"]
[Annotator "Bojkov,Dejan"]
[PlyCount "160"]
[Beauty "5296768429577"]
[EventType "game"]

1.d4 Nf6 2.Nf3 g6 3.c4 Bg7 4.Nc3 O-O 5.e4 d6 {When in for a must-win, KID it is!} 6.Be2 Nbd7 {Avoiding 6...e5 7.dxe5. The old classical reply against the Classical line had a boost of interest in the past few years.} 7.O-O e5 8.Be3 Ng4 9.Bg5 f6 10.Bh4 h5 11.h3 Nh6 12.Bg3 Kh7 ( {Black can also start with} 12...a5 13.Qd2 Nf7 14.Rad1 c6 15.Qc2 Re8 16.a3 Qe7 17.b4 axb4 18.axb4 Ng5 {as in Feller,S (2574)-Naiditsch,A (2697) Brest 2018} ) 13.Qc2 $146 ( {An earlier game saw a tense battle after} 13.Qd2 Nf7 14.Rad1 c6 15.b4 Qe7 16.Rfe1 Rd8 17.a3 Nf8 18.Bf1 g5 19.d5 c5 20.bxc5 dxc5 {Roiz,M (2657)-Radjabov,T (2733) Bursa 2010} ) 13...c6 14.Rad1 Qe7 15.c5 {White is often sacrificing a pawn for positional compensation in the KID. However, Nakamura felt c4-c5 was not a good idea as things got murky there. Exactly what he needed.} ( 15.Nh4 $5 {instead, planning f2-f4 might have been more prudent.} ) 15...dxc5 16.d5 Nb6 17.dxc6 bxc6 18.Na4 ( {In case of} 18.Nd2 {Black can start moving his kingside knight from the rim to the center:} 18...Nf7 19.Nc4 Ng5 {followed by Ng5-e6-d4.} ) 18...Nxa4 19.Qxa4 {It takes time for Carlsen to regain his pawn and that allows Black a chance to activate his pieces and aim at other pawns.} 19...Rb8 {Now a forcing line starts:} 20.b3 Rb4 21.Qxc6 Bb7 22.Qd7 Rf7 23.Qxe7 Rxe7 24.Nd2 Bxe4 {And Black is again up a pawn, this time in the endgame. Carlsen can at least hope that the bishop pair will boost his defensive chances.} 25.Nxe4 ( {The rook has enough room to maneuver along the fourth rank and:} 25.a3 Rd4 26.Nxe4 Rxe4 27.Bd3 Rd4 {would not embarrass it.} ) 25...Rxe4 26.Bc4 Rd4 {Later Nakamura regretted this move.} ( {And suggested instead the prophylactic} 26...Nf5 $5 {which stops} 27.f3 $2 ( {However White can defend better with} 27.Rd5 ) 27...Rxc4 28.bxc4 Nxg3 ) 27.f3 Red7 ( {Also interesting was to install a knight in the center with} 27...Nf5 28.Bf2 Rxd1 29.Rxd1 Nd4 ) 28.Ra1 Nf5 29.Bf2 Bh6 $1 {Apparently seen from afar. The connected passers, the dominance on the dark-squares and the weak white king are superior factors than the exchange.} 30.Rfe1 ( {Perhaps White could have tried to build a fortress on the light squares with:} 30.Bxd4 cxd4 31.g4 Ne3 32.Bd3 Nxf1 33.Kxf1 ) 30...Bd2 31.Bxd4 {This this is forced.} ( {As} 31.Re2 Bc3 32.Rc1 Rd1+ 33.Rxd1 Rxd1+ 34.Kh2 {would have given Black a chance to transfer his bishop to an better diagonal with} 34...Bd4 ( {Or even better do this after the preliminary} 34...h4 $1 ) ) 31...cxd4 32.Red1 Be3+ 33.Kh2 h4 34.b4 {The natural desire is to advance the passers as soon as possible. However, Carlsen loses grip of the position now and his pieces start to hang.} ( {Better was} 34.Bd3 Bf4+ 35.Kg1 {although Black is clearly on top after} 35...Ng3 ) 34...Bf4+ 35.Kg1 Ne3 {A fork.} 36.Rdc1 d3 37.Bb5 Rd4 38.Rc7+ Kh6 39.Rd7 $1 {Missed by Black. The only chance to stop the pawns from promoting.} 39...Rxb4 {Frustration.} ( {Had Nakamura not considered his previous as a blunder, he would have definitely found} 39...Nd5 $1 40.Bc6 ( {Nothing changes} 40.Rd1 d2 41.Ba4 Nc3 42.Rxd4 exd4 43.Bb3 Kg5 {and Black should win.} ) 40...Nxb4 41.Rxd4 Be3+ {with a new double attack after the capture on d4 and material gains.} ) 40.Bxd3 Rb2 41.Bf1 Nf5 ( {Black could have won a second pawn with} 41...Nxf1 42.Kxf1 ( 42.Rxf1 Rxa2 ) 42...Be3 43.a4 Rf2+ 44.Ke1 Rxg2 ) 42.a4 Be3+ 43.Kh2 ( {Similar is} 43.Kh1 Ng3+ 44.Kh2 Bd4 ) 43...Bd4 {Black's initiative persists even without the passers, although Carlsen's chances significantly improved.} 44.Rc1 Ne3 45.a5 Rf2 46.Kg1 $1 {The only move, under the discovered threats.} 46...Ra2 47.a6 Nxf1+ ( {Maybe it made sense to postpone this for a move, not fearing} 47...Bb6 $5 48.Rd6 Nf5+ 49.Rxb6 axb6 50.Rb1 Ne3 ) 48.Kxf1 Rf2+ 49.Ke1 Rxg2 50.f4 {With seconds on the clock, the world champion could not calculate properly whether he had the time to demonstrate activity and chose the simplest move instead. Nakamura thought it was strong as 51.Rcc7 might follow, but there was something better.} ( 50.Rc6 $1 {should have saved him though as in the line:} 50...Kg5 51.Rdd6 Kf4 {White is in time to defend against the back-rank checkmate with} 52.Rxf6+ Ke3 53.Rxg6 Ra2 54.Kf1 {with a draw.} ) 50...Rg1+ {The final phase of the game will be a complex rook endgame.} 51.Kd2 Be3+ 52.Kxe3 Rxc1 53.fxe5 Re1+ ( {Easier was} 53...fxe5 $1 54.Rxa7 Rc3+ {creating two connected passers at once.} ) 54.Kf3 Rxe5 55.Rxa7 Ra5 {Now Nakamura was not sure if this is winning or not.} 56.Ra8 Ra3+ 57.Kg4 Ra4+ 58.Kf3 Kg5 59.a7 Ra1 60.Ke3 ( {White needed to keep his king in front of the passers:} 60.Kg2 Ra2+ 61.Kf3 {Then at some point Black will need to start advancing on the kingside and Carlsen will get a chance to swap his a-passer for precisely the g-pawn of the opponent, eventually reaching a textbook draw with h- and f-passers.} ( {Or even} 61.Kg1 ) 61...f5 62.Ke3 Ra3+ 63.Kf2 Kf4 64.Rg8 Rxa7 65.Rxg6 Ra3 66.Rb6 Rxh3 67.Kg2 {and this is a draw.} ) 60...Ra3+ 61.Ke4 Ra2 62.Kf3 Ra6 63.Ke4 Ra3 64.Kd5 {In the wrong direction! Now the white king is cut off from the enemy pawns.} 64...Kf4 65.Rh8 ( {Nothing helps anymore:} 65.Ke6 Ra6+ ) ( {Nor does} 65.Kc6 Kg3 66.Kb6 Kxh3 {save White.} ) 65...Rxa7 66.Rxh4+ Kf5 67.Rh8 Rd7+ {Pushing the king further away and winning easily.} 68.Kc5 g5 69.Rh6 Ke5 70.h4 gxh4 71.Rxh4 Rc7+ 72.Kb6 Rc2 73.Rh1 f5 74.Re1+ Kf4 75.Rf1+ Ke4 76.Re1+ Kf3 77.Rf1+ Rf2 78.Rd1 f4 79.Kc5 Kg2 80.Kd4 f3 0-1

[Event "Schachbundesliga Championship"]
[Site "?"]
[Date "2020.09.20"]
[Round "7.7"]
[White "Naiditsch, Arkadij"]
[Black "Kovalenko, Igor"]
[Result "1-0"]
[WhiteElo "2624"]
[BlackElo "2645"]
[EventDate "2020.??.??"]
[Annotator "Bojkov,Dejan"]
[PlyCount "137"]
[Beauty "5915247642714"]
[EventType "game"]

1.d4 Nf6 2.Nf3 b6 3.c4 Bb7 4.Nc3 e6 5.g3 {This offers Black a choice between the Queen's Indian and the Nimzo-Indian defenses.} 5...Bb4 {Kovalenko chooses the latter.} ( 5...Be7 {instead is the solid QID.} ) 6.Bg2 Bxc3+ 7.bxc3 O-O 8.O-O Re8 {A change of heart.} ( {In a recent game, the Latvian GM experienced difficulties after} 8...d6 9.c5 Na6 10.cxd6 cxd6 11.Ba3 Rc8 12.Rc1 Qd7 13.c4 Rc7 14.Bh3 Bxf3 15.exf3 Qe7 {Cordova,E (2592)-Kovalenko,I (2645) chess.com INT 2020} ) 9.Re1 {A useful move that prepares both e2-e4 and the maneuver Bg2-f1, which would preserve the bishop pair.} 9...Qc8 $146 ( {In an earlier game, Black was doing great after} 9...d6 10.Nd2 ( {However, White could have chosen instead} 10.Bf1 $5 ) ( {Or} 10.Qc2 $5 ) 10...Bxg2 11.Kxg2 e5 12.e4 Nc6 13.Bb2 Na5 14.Qa4 Qd7 15.Qxd7 Nxd7 {Huang,Q (2441) -Mkrtchian,L (2390) Astana 2019} ) 10.Qc2 {Luring the bishop to e4 in order to win a tempo to attack it later.} ( 10.Bf1 $5 {at once is also sensible.} ) 10...Be4 11.Qb3 d6 ( {After} 11...Qb7 {White would embarrass the black knight with} 12.Bg5 ) 12.Bf1 {A typical maneuver. Now White wants to kick the bishop back with Nf3-d2, followed by f2-f3 and e2-e4.} ( {Here} 12.Bg5 {is met with} 12...Nbd7 ) 12...Nc6 {It is time for Black to win tempos.} 13.Bg5 {Now that the queenside knight cannot defend the other one, this makes sense.} 13...Na5 14.Qd1 Nd7 {Kovalenko did not dare to accept the pawn.} ( {After} 14...Nxc4 15.Bxf6 gxf6 {White develops the initiative with either} 16.Nh4 ( {Or} 16.e3 ) ) 15.Nd2 Bg6 {This is not the right diagonal for the bishop. Its new location only helps White develop the initiative here.} ( {Better is} 15...Bb7 16.e4 {with either the preliminary} 16...h6 ( {or the immediate} 16...c5 ) 17.Be3 c5 ) 16.e4 f6 ( {Here} 16...e5 {seems reasonable to build a wall against the white bishops.} ) 17.Be3 Qb7 ( {White would have reacted the same way to} 17...c5 {as in the game:} 18.h4 ) 18.h4 $1 {Of course! Naiditsch has the strong center, and this naturally associates with a kingside attack.} 18...Bf7 ( {Perhaps Kovalenko was contemplating the exchange sacrifice} 18...Bxe4 19.Nxe4 Qxe4 20.Bg2 Qg6 21.Bxa8 Rxa8 {but it does not seem to promise enough due to} 22.c5 ( {Or} 22.h5 Qf7 23.h6 ) ) 19.Nb3 Nc6 20.d5 {Now White firmly takes over the initiative.} 20...Ne7 21.h5 e5 {Alas, this does not bring the desired relief.} ( {More solid is} 21...c6 22.dxe6 Bxe6 23.h6 {although White is calling the shots here too.} ) 22.h6 $1 {Naiditsch hits where it hurts. The missing dark bishop makes the defense of the f6-pawn impossible.} 22...g5 ( {Nothing changes} 22...g6 23.Bh3 Nf8 ( {Or} 23...c6 24.Qf3 ) 24.Qf3 {and the f6-pawn is doomed.} ) 23.Bh3 {The same idea decides. Kovalenko cannot saveguard his kingside.} 23...Rad8 24.Qf3 Nc8 25.Bxd7 Rxd7 26.Qxf6 Bg6 27.Qxg5 {Two extra pawns and an attack should easily be winning.} 27...Rf7 28.f4 exf4 29.gxf4 Rxe4 30.Bd4 ( {The other minor piece would have worked better on that spot} 30.Nd4 {Threatening f4-f5.} 30...c5 31.dxc6 Qe7 32.Qg3 Qf8 33.Bd2 {would have won for White.} ) 30...Rf5 31.Qg3 ( {Here} 31.Qg2 $1 {seems more accurate. Then in the line} 31...Rexf4 ( {After} 31...Rfxf4 32.Rxe4 Rxe4 33.Nd2 Re8 34.Rf1 {Black is helpless against the queen maneuver to the f6-square.} ) 32.Re6 Kf7 {White has the nice retreat} 33.Be3 $1 Rh4 {and then the knight-jump} 34.Nd4 {decides.} ) 31...Re7 32.Be3 {Ultimately Naiditsch decided to award the knight with the central outpost.} ( {However,} 32.Bg7 $1 {would have been neater, since Black wouldn't have the defense} 32...Ref7 {due to} 33.Re8+ ) 32...Ref7 33.Nd4 Ne7 $1 {Forced, and Kovalenko at least builds a blockade.} 34.Nxf5 Nxf5 35.Qg5 Qc8 36.Bd4 Qf8 37.Re6 {White is still winning but has to be more careful than before.} ( 37.Rad1 {is good too.} ) 37...Nxd4 38.cxd4 Rf5 ( {No time for} 38...Rxf4 39.Rae1 {when the white rooks crash through along the e-file.} ) 39.Qg3 Qxh6 40.Re8+ Kg7 41.Re7+ Kh8 42.Rf1 Bh5 43.Rf2 Qf6 44.Rxc7 Bg6 45.Qe3 Qh4 {Now some unpleasant checks are always in the air.} 46.Rh2 Qg4+ 47.Rg2 Qd1+ 48.Kf2 Rf8 {However, the neat} 49.c5 $1 {leaves White in control as the opening of the long diagonal would be deadly for the second player.} 49...Bd3 ( {If} 49...bxc5 50.dxc5 Qxd5 51.Qc3+ {swapping the queens with an easy win after} 51...Qe5 52.Qxe5+ dxe5 53.c6 ) 50.Rg5 Qc2+ ( {The checks are over after} 50...Qf1+ 51.Kg3 ) 51.Kg1 Qb1+ 52.Kh2 Be4 53.Kg3 {Simply following his plan.} ( {White misses a beautiful win with} 53.Rxh7+ $3 Bxh7 ( 53...Kxh7 54.Qh3# ) 54.Qe7 {when in order to prevent mate, Black needs to part with his queen:} 54...Qxa2+ 55.Rg2 Qxg2+ 56.Kxg2 ) 53...Qc2 54.Qf2 Qd3+ 55.Kh2 Qd1 56.cxd6 h6 57.Rgg7 {The end is near. The next series of checks end soon:} 57...Qh1+ 58.Kg3 Bf5 59.Qh2 Qe1+ 60.Qf2 Qh1 61.Qg2 Qe1+ 62.Kh2 Qh4+ 63.Kg1 Qe1+ 64.Qf1 Qe4 65.Qf2 Qxd5 {And it is time for White to bring his queen in.} 66.Qe3 Be4 ( {The endgame is lost, of course:} 66...Qxd6 67.Qe5 ) 67.f5 {Mate is inevitable.} 67...Rf6 68.Rh7+ Kg8 69.Qg3+ 1-0

[Event "St. Louis Rapid & Blitz"]
[Site "?"]
[Date "2020.09.19"]
[Round "27.5"]
[White "Nakamura, Hikaru"]
[Black "Xiong, Jeffery"]
[Result "1-0"]
[WhiteElo "2829"]
[BlackElo "2709"]
[EventDate "2020.??.??"]
[Annotator "Bojkov,Dejan"]
[PlyCount "103"]
[Beauty "6877358330963"]
[EventType "blitz"]
[WhiteTeam "United States"]
[BlackTeam "United States"]
[WhiteTeamCountry "USA"]
[BlackTeamCountry "USA"]

1.e4 e5 {Nakamura had secured the third place before the final round and could not go any higher or lower. Thus came the novelty of the century:} 2.Ke2 {[This has been called the Bongcloud, although Carlsen thinks the original Bongcloud is 1.f3 and 2.Kf2. - ed.]} 2...Nf6 ( {Perhaps in the future Black will try in these situations:} 2...Qh4 {Checking if the opponent has the pre-move} 3.Nf3 Qxe4# ) 3.d3 d5 4.Nd2 Nc6 5.c3 b6 {Quick and natural development leads to a won position for Xiong in the next moves.} ( {Also good is} 5...Bc5 {Getting ready to attack the weakness on f2 in the line} 6.Ngf3 Ng4 ) 6.Qc2 Bb7 7.Ngf3 Qd7 8.b4 O-O-O 9.a3 ( {The huge lag in development leaves White no time to play for pawns:} 9.b5 dxe4 10.dxe4 Na5 11.Nxe5 Qxb5+ {Ah, yes, the king's position is also not optimal.} ) 9...Kb8 ( {Another excellent possibility is} 9...dxe4 10.dxe4 Ne7 {intending both Ne7-g6-f4 and Qd7-g4.} ) 10.Bb2 g6 11.Ke1 Bh6 12.Rd1 Rhe8 {The centralized black army is impressive.} 13.Be2 {If White could only castle now, he would not be that horrible, but the consequences of the novelty Ke1-e2 still tell.} 13...Nh5 $1 {Time to take care of this king.} 14.b5 Na5 ( {Even better would be} 14...Nf4 {with the idea to mate after} 15.bxc6 Nxg2+ 16.Kf1 Qh3 17.cxb7 Ne3+ 18.Ke1 Nxc2# ) 15.c4 Nf4 16.Bf1 {We already know what happens if White allows the capture on g2.} 16...dxc4 17.dxc4 ( {If} 17.Nxc4 Qxb5 {is winning for Black.} ) 17...f5 $1 {Now the central files against the white king are open. The end is near.} 18.c5 $1 {Nakamura knows he is losing and does not want to stand still. He makes sure instead that he can create threats on his own.} ( {Since} 18.exf5 e4 {followed by either e4-e3 or Nf4-d3 would be unbearable.} ) 18...fxe4 $1 {Best. No time, and need to defend.} 19.c6 Nxc6 20.bxc6 Bxc6 21.Nxe5 Nd3+ 22.Bxd3 ( 22.Nxd3 $2 exd3+ ) 22...exd3 23.Qc4 Bxg2 {The poor white king is exposed. Now all Black needs to do is to bring his queen closer.} 24.Rg1 Bb7 ( {The win is} 24...Qh3 $1 25.Rxg2 Qxg2 26.Qa4 Re6 {when White is defenseless.} ) 25.Qh4 Qf5 {Oh, a blunder!} ( {Xiong is still winning with} 25...Qb5 $1 26.Qxh6 Qxb2 {Nakamura's problem is that he cannot defend with} 27.f4 {due to} 27...Rxe5+ $1 28.fxe5 Qxe5+ 29.Kf2 Qf5+ 30.Kg3 Rd4 {with inevitable mate:} 31.h3 ( 31.Qh3 Qf4# ) 31...Qe5+ 32.Kf2 Rf4+ {and mate follows shortly.} ) 26.Qxh6 Rxe5+ 27.Bxe5 Qxe5+ 28.Qe3 Qxh2 29.Kf1 {Nakamura went completely dry out of the water, amazing! Four pawns for the rook still leave Xiong some compensation, but the psychological initiative has passed to White, and he never lets go from here on.} 29...Qh5 30.f3 Bc6 31.Qg5 Qh3+ 32.Kf2 Qh2+ 33.Rg2 Qd6 34.Re1 Rf8 35.Kg1 ( {Or} 35.Qe7 Qd4+ 36.Re3 Rf5 37.Qb4 {Solidifying.} ) 35...Rf5 36.Qe7 Qf4 37.Qd8+ Kb7 38.Qxd3 Rd5 39.Qe3 {The compensation is done. With his next moves Nakamura organizes a decisive attack with his major pieces, whereas the knight is left to defend its own king.} 39...Qh4 40.Qf2 Qa4 41.Re3 Qd1+ 42.Qe1 Qa4 43.Rc3 Rh5 44.Rg4 Qa5 45.Qc1 Qe5 46.Nf1 $1 ( {Avoiding the last trick:} 46.Rxc6 Qe3+ 47.Kg2 Qe2+ 48.Kg1 Qe3+ {with perpetual.} ) 46...Qe6 47.Rgc4 Bb5 48.Rxc7+ Ka6 49.a4 Be2 ( {Nothing helps:} 49...Bxa4 50.Ra3 Ra5 51.Ng3 {leaves Black paralyzed.} ) 50.Re3 Rg5+ 51.Kf2 Qh3 52.Kxe2 1-0